[Event "100 years Romania 2018"]
[Site "Alba Iulia"]
[Date "2018.11.13"]
[Round "3"]
[White "Nester, Ihor"]
[Black "Shishkin, Vadim"]
[Result "1/2-1/2"]
[WhiteElo "2323"]
[BlackElo "2456"]
[Annotator "TA"]
[PlyCount "58"]
[EventDate "2018.11.12"]
[EventType "swiss"]
[EventCountry "ROU"]
[SourceTitle "playchess.com"]
[Source "ChessBase"]
[SourceQuality "1"]

{[%evp 23,58,6,0,-31,-31,-24,-39,-56,-52,-52,-51,-66,-64,-62,-63,-68,-26,-26,-27,-25,-9,-11,-9,-33,-23,-19,-27,-44,-4,-21,0,0,0,0,0,0,0]} 1. Nf3 Nf6 2. c4 g6 3. g3 Bg7 4. Bg2 d5 5. cxd5 Nxd5 6. d4 Nb6 7. Nc3 Nc6 8. e3 e5 9. d5 {D71: Fianchetto Grünfeld: 3 g3 d5 sidelines and 5 cxd5 (without Nf3)} Ne7 10. e4 c6 (10... Bg4 11. h3 Bxf3 12. Qxf3 O-O 13. O-O c6 14. Rd1 cxd5 {½-½ (14) Laznicka,V (2672)-Li,C (2722) Chartres 2017}) 11. O-O cxd5 12. exd5 O-O {[%cal Rb6d5] LiveBook: 3 Games} 13. Re1 Nexd5 14. Nxd5 Qxd5 15. Qxd5 Nxd5 16. a3 {[#]} e4 $1 {[%mdl 512]} 17. Rxe4 Bf5 $146 18. Re1 Rfe8 19. Ne5 {[%cal Bf3e5,Be5d3,Bd3b4][%mdl 32]} Rad8 20. f4 $1 f6 {[#]} 21. Nd3 $1 {[%mdl 512] Hoping for Rxe8+.} Nc7 (21... Bxd3 22. Rxe8+) 22. Rxe8+ Rxe8 23. Nb4 Be4 24. Bxe4 Rxe4 25. Bd2 Re2 26. Rd1 {The position is equal.} Nb5 27. a4 Nd6 28. Bc3 Ne4 29. Rd7 Nxc3 {Precision: White = 76%, Black = 73%.} 1/2-1/2

[Event "100 years Romania 2018"]
[Site "Alba Iulia"]
[Date "2018.11.13"]
[Round "3"]
[White "Craciun, Ovidiu"]
[Black "Samolins, Vitalijs"]
[Result "0-1"]
[WhiteElo "1946"]
[BlackElo "2436"]
[Annotator "TA"]
[PlyCount "54"]
[EventDate "2018.11.12"]
[EventType "swiss"]
[EventCountry "ROU"]
[SourceTitle "playchess.com"]
[Source "ChessBase"]
[SourceQuality "1"]

{[%evp 19,54,17,11,-34,-33,-43,-50,-129,-133,-233,-250,-252,-243,-413,-361,-484,-479,-449,-436,-534,-519,-496,-201,-226,-219,-217,-204,-200,-212,-252,-252,-257,-200,-215,-223,-317,-315]} 1. e4 e5 2. Nf3 Nc6 3. d4 exd4 4. Nxd4 Nf6 5. Nxc6 bxc6 6. e5 Qe7 7. Qe2 Nd5 8. c4 Nb6 9. Nc3 Ba6 {C45: Schottische Partie} (9... Bb7 10. Bd2 O-O-O 11. O-O-O Re8 12. Re1 Qb4 13. Kb1 Ba6 14. Nd5 Qa4 15. Nxb6+ axb6 16. g3 f6 17. f4 fxe5 18. fxe5 {0-1 (38) Saric,I (2689)-Almasi,Z (2699) Rio Achaea 2018}) 10. b3 O-O-O {LiveBook: 30 Partien} 11. g3 Re8 {Schwarz steht etwas besser.} 12. f4 f6 {[%cal Rf6e5]} 13. a4 $146 ({Günstiger ist} 13. Bb2 $15) ({Vorgänger:} 13. Bb2 fxe5 14. fxe5 Qxe5 15. O-O-O Qg5+ 16. Qd2 Qxd2+ 17. Kxd2 {0-1 (48) Johansen,S (1832)-Schmied,A (1997) Helsingor 2018}) 13... fxe5 $17 14. a5 {[#]} (14. f5 $17) 14... Nd5 $1 $19 {[%cal Rd5c3][%mdl 512]} 15. Nxd5 cxd5 16. Ba3 $2 (16. Kd1) 16... Qf6 17. Bb2 Bb4+ 18. Kd1 d4 19. Bg2 exf4 20. Qf3 {[%cal Rf3a8]} Qc6 (20... c6 $142 21. gxf4 Qd6) 21. Bxd4 Qxf3+ 22. Bxf3 fxg3 23. hxg3 {[#]} c5 $1 {[%cal Rc5d4]} 24. Ra4 Rhf8 ({Viel schwächer ist} 24... cxd4 25. Rxb4 Re5 26. Bd5 $17) 25. Bd5 Bb7 26. Bxb7+ Kxb7 27. Rh2 (27. Bxg7 $142 Rf3 28. Bh6) 27... Rf3 {Precision: Weiß = 17%, Schwarz = 79%.} 0-1

[Event "100 years Romania 2018"]
[Site "Alba Iulia"]
[Date "2018.11.14"]
[Round "4"]
[White "Svetushkin, Dmitry"]
[Black "Miron, Ionel"]
[Result "1-0"]
[WhiteElo "2605"]
[BlackElo "2075"]
[Annotator "TA"]
[PlyCount "51"]
[EventDate "2018.11.12"]
[EventType "swiss"]
[EventCountry "ROU"]
[SourceTitle "playchess.com"]
[Source "ChessBase"]
[SourceQuality "1"]

{[%evp 11,51,58,52,-59,-48,-20,-44,-151,-145,-132,-146,-153,-153,-148,-106,-132,-101,-138,-147,-144,-139,-156,-152,-319,-325,-411,-356,-560,-548,-586,-599,-696,-676,-671,-664,-616,-38,-14,0,0,29997,29998]} 1. d4 d5 2. c4 dxc4 3. e4 c5 4. d5 Nf6 5. Nc3 b5 6. Bf4 Qa5 {LiveBook: 40 Partien} 7. Qc2 {D20: Angenommenes Damengambit} (7. Qb1 $14) (7. f3 Ba6 8. a4 b4 9. Nb5 Bxb5 10. axb5 Qxb5 11. Rc1 g5 12. Bxc4 Qb6 13. Bxg5 Bg7 14. e5 Nfd7 {1-0 (25) Bosiocic,M (2600)-Efimov,I (2421) Batumi 2018}) 7... g6 $146 ({Vorgänger:} 7... Na6 8. Nf3 e6 9. Nd2 Nb4 10. Qb1 exd5 11. a3 Nc6 12. Nxd5 Nxd5 13. exd5 Nd4 14. Qe4+ Be7 {0-1 (65) Osaka,T (1938)-Mihov,F (2160) Senta 2018}) 8. Nf3 Bg7 $1 {Und ...Sxe4! würde nun gewinnen.} 9. Be2 {[#]} (9. Nd2 $15) 9... Nxe4 $1 $17 {[%mdl 512]} 10. Be5 (10. Qxe4 Bxc3+) 10... Bxe5 11. Nxe5 Nxc3 12. bxc3 O-O 13. O-O Bb7 14. Bf3 Qc7 $1 {[%cal Rc7e5]} 15. Rfe1 Nd7 16. Ng4 Nb6 17. Re5 $2 (17. Rab1 $17) 17... f6 $19 {[%cal Bf7f6,Bf6f5,Bf5g4][%mdl 32]} 18. d6 exd6 19. Re6 (19. Bxb7 $142 fxe5 20. Bxa8 Rxa8 21. Qd2) 19... Bxf3 20. gxf3 f5 21. Rae1 fxg4 22. Re7 Qc6 23. Rxh7 {[%cal Rc2g6] [#]} Rf5 $2 ({Schwächer ist} 23... Kxh7 24. Re7+ Rf7 25. Rxf7+ Kh6 26. Qd2+ g5 27. Qc2 Rh8 28. Rf6+ Kh5 29. Qg6+ Kh4 {[#]} 30. Qh6+ $1 {[%mdl 512]} Rxh6 31. Rxh6#) ({Lieber} 23... d5 $1 $19 24. Ree7 Qf6) 24. Ree7 $15 Qxf3 25. Qd2 {Weiss droht Teg7+ und Matt.} Nd5 $2 {[%mdl 8192] [#]} (25... Qf4 $11 26. Reg7+ Kf8) 26. Rh8+ $1 {[%mdl 512] Precision: Weiß = 20%, Schwarz = 100%.} 1-0

[Event "100 years Romania 2018"]
[Site "Alba Iulia"]
[Date "2018.11.14"]
[Round "4"]
[White "Marin, Mihail"]
[Black "Sieciechowicz, Marcin"]
[Result "1/2-1/2"]
[WhiteElo "2555"]
[BlackElo "2432"]
[Annotator "TA"]
[PlyCount "91"]
[EventDate "2018.11.12"]
[EventType "swiss"]
[EventCountry "ROU"]
[SourceTitle "playchess.com"]
[Source "ChessBase"]
[SourceQuality "1"]

{[%evp 21,91,39,54,31,40,26,34,35,43,30,56,45,51,56,54,19,11,13,9,16,29,20,22,25,20,13,25,16,24,24,33,31,29,14,23,22,25,12,12,12,20,16,33,18,60,29,59,61,143,70,70,59,77,77,77,77,77,77,77,77,79,79,79,79,79,79,79,79,79,0,79,77]} 1. c4 {Psakhis,L} c6 2. g3 d5 3. Nf3 Nf6 4. Bg2 g6 5. b3 Bg7 6. Bb2 O-O 7. O-O a5 8. d3 a4 9. Nbd2 {A11: English Opening: 1...c6} axb3 10. axb3 Rxa1 11. Qxa1 Na6 {LiveBook: 3 Games} 12. Qa3 Ne8 $146 ({Predecessor:} 12... Be6 13. Be5 h6 14. Nd4 Bd7 15. c5 Ng4 16. Bxg7 Kxg7 {1-0 (28) Psakhis,L (2599)-Svidler,P (2672) Haifa 2000 CBM 074 Extra [Psakhis,L]}) 13. Bxg7 Nxg7 14. d4 Bf5 15. Rc1 Re8 16. e3 f6 17. Bf1 Qb6 18. c5 (18. Ra1 {feels hotter.} Qb4 19. Qc1 Ra8 20. Ra4 Qd6 21. Qa1) 18... Qb4 19. Ra1 {[#] Threatens to win with Qc1.} Qxa3 20. Rxa3 Nc7 21. h3 Ra8 22. Rxa8+ Nxa8 23. g4 Bd7 24. Ne1 Kf7 25. b4 b5 26. Nb3 Nc7 27. Nd3 Nge6 28. f3 Nd8 29. Kf2 Kg7 30. f4 Be8 31. Nbc1 Bd7 32. Ne2 Be8 33. Bg2 Bf7 34. Ke1 f5 (34... h6 $14) 35. gxf5 (35. g5 $16) 35... gxf5 $14 36. Nec1 e6 37. Nb3 Be8 38. Na5 Na6 {[#]} 39. Bf3 $1 Nc7 40. Kd2 Na6 41. Kc3 Nc7 42. Be2 Na6 43. Ne5 Nc7 44. Nb3 Kh6 45. Na5 Kg7 46. Kd2 {Precision: White = 48%, Black = 55%.} 1/2-1/2

[Event "100 years Romania 2018"]
[Site "Alba Iulia"]
[Date "2018.11.14"]
[Round "4"]
[White "Levin, Evgeny A."]
[Black "Petrisor, Adrian-Marian"]
[Result "1/2-1/2"]
[WhiteElo "2523"]
[BlackElo "2425"]
[Annotator "TA"]
[PlyCount "126"]
[EventDate "2018.11.12"]
[EventType "swiss"]
[EventCountry "ROU"]
[SourceTitle "playchess.com"]
[Source "ChessBase"]
[SourceQuality "1"]

{[%evp 17,126,15,22,21,22,14,21,22,19,14,14,12,61,15,30,32,67,18,35,32,68,64,70,66,54,35,38,5,15,6,12,0,0,0,0,0,0,0,0,0,0,0,0,0,0,0,0,0,0,0,0,0,0,0,0,0,6,15,68,75,71,47,50,42,50,16,56,0,0,0,0,0,0,0,0,0,0,0,0,0,0,0,0,0,0,0,0,0,0,0,0,0,0,0,0,0,0,0,0,-18,0,0,0,0,0,0,0,0,0,0,0]} 1. d4 Nf6 2. c4 e6 3. Nc3 Bb4 4. e3 O-O 5. Bd3 d5 6. Nf3 b6 7. O-O Ba6 {E52: Nimzo-Indian: Rubinstein: 4...0-0 5 Nf3 d5 6 Bd3 b6} 8. cxd5 Bxd3 (8... exd5 9. Ne5 Bxd3 10. Nxd3 Bxc3 11. bxc3 Nc6 12. Qc2 Na5 13. Ba3 Re8 14. Nb2 Ne4 15. Rad1 {½-½ (72) Duda,J (2737)-Kovalev,V (2655) Dortmund 2018}) 9. Qxd3 exd5 {LiveBook: 12 Games} 10. b3 Re8 11. Bb2 c6 12. Rfc1 $146 ({Predecessor:} 12. Ne5 Bd6 13. f4 a6 14. Rac1 Ra7 15. Ne2 {1-0 (53) Doubek,S (2270)-Vinklarek,V (2135) Czechia 2004}) 12... Ne4 13. Ne2 Bd6 14. Rc2 Re6 15. Rac1 Qf6 16. Ng3 Qg6 17. Ne5 (17. Nh4 $5 {[%cal Rh4g6]} Qg5 18. Ngf5 $14) 17... Bxe5 18. dxe5 {Threatens to win with Qxd5!} Nc5 19. Qd4 a5 20. f4 Re8 21. Re2 Nbd7 22. e4 (22. f5 {seems wilder.} Qh6 23. Qf4 g5 24. fxg6 Qxg6 25. Rd1) 22... dxe4 $1 23. Nxe4 Nxe4 24. Qxe4 Qxe4 25. Rxe4 Nc5 26. Rd4 Ne6 27. Rd6 Nxf4 {[#] White must now prevent ...Ne2+.} 28. Rcxc6 b5 29. Kf2 h6 30. Kf3 Ne6 31. Ke4 b4 32. Rc4 Reb8 33. Bd4 a4 34. Rb6 {Rxb8+ is the strong threat.} Rd8 35. Rbxb4 axb3 36. a4 Rd7 37. Be3 Ra5 (37... Rd1 $11) 38. Rxb3 $14 Rdd5 39. Kf3 Rxe5 40. Bb6 Rf5+ 41. Kg3 Ra6 42. Rcb4 (42. a5 $14) 42... Nc5 $11 {The position is equal.} 43. Ra3 Ne4+ 44. Kg4 Rg5+ 45. Kf3 Nd2+ 46. Kf2 {[#] aiming for a5.} Nc4 $1 {[%mdl 512]} 47. Rxc4 Rxb6 {[%mdl 4096] Endgame KRR-KRR} 48. Ra2 Ra6 49. Ke3 Rd5 50. Rd4 Rc5 51. Kd3 g5 52. Rc4 Rd5+ 53. Kc3 Kg7 54. Rd2 Re5 55. Rb4 Kg6 56. Rbd4 f6 57. Rc2 h5 58. Kb3 g4 59. Rb4 Re3+ 60. Rc3 Re2 61. Rc2 Re3+ 62. Rc3 Re2 63. Rc2 Re3+ {Precision: White = 79%, Black = 72%.} 1/2-1/2

[Event "100 years Romania 2018"]
[Site "Alba Iulia"]
[Date "2018.11.14"]
[Round "4"]
[White "Moiseenko, Vadim"]
[Black "Nester, Ihor"]
[Result "1-0"]
[WhiteElo "2491"]
[BlackElo "2323"]
[Annotator "TA"]
[PlyCount "77"]
[EventDate "2018.11.12"]
[EventType "swiss"]
[EventCountry "ROU"]
[SourceTitle "playchess.com"]
[Source "ChessBase"]
[SourceQuality "1"]

{[%evp 9,77,-36,0,0,0,-20,0,-34,0,-32,-27,-29,-5,0,0,0,0,-16,-22,-32,57,64,100,69,125,106,114,110,107,91,107,110,125,129,133,128,131,131,168,165,162,160,164,164,164,164,162,156,225,223,232,223,271,264,287,281,308,281,314,304,476,473,470,447,757,767,920,908,29996,29997]} 1. e4 e5 2. Bc4 Nf6 3. d3 Nc6 4. c3 Bc5 5. Qf3 (5. Bg5 Be7 6. Qf3 d6 7. h3 O-O 8. Ne2 Na5 9. Ng3 Nxc4 10. dxc4 Be6 11. Na3 Nd7 {0-1 (40) Fedorchuk,S (2621)-Erturan,Y (2367) Minsk 2017}) 5... d6 (5... O-O {feels hotter.} 6. Bg5 Be7 7. Nd2 Na5 8. Qe2 Re8) 6. Ne2 $146 {C24: Läuferspiel} ({Vorgänger:} 6. h3 Be6 7. Bb3 Qe7 8. Ne2 O-O-O 9. Bg5 h6 10. Be3 Bxe3 11. Qxe3 d5 {0-1 (48) Satonnet,P (1884)-Pott,B (1814) Chessfriend.com 2005}) 6... Be6 7. Nd2 Qd7 8. h3 {Die Stellung ist ausgeglichen.} a6 9. Bb3 d5 10. Ng3 Ne7 11. exd5 Bxd5 12. Nde4 Nxe4 13. Nxe4 Bb6 14. Bh6 O-O-O (14... Bxe4 $2 15. Qxf7+ Kd8 16. dxe4 $18) ({Günstiger ist} 14... f5 $1 $15 15. Bxg7 fxe4 16. Qh5+ Ng6 17. Bxh8 Bxb3 18. axb3 O-O-O) 15. Bxg7 $14 Rhg8 16. Bf6 $36 {[%mdl 2048] Und Lxd5 würde nun gewinnen. Weiss kämpft um Vorteil.} (16. Bxe5 $6 Ng6 $11) 16... Rde8 (16... Bxe4 $1 $14 17. Qxe4 Rg6 18. Bxe7 (18. Qxe5 Nd5 $14) (18. Bxe5 Nc6 $16) 18... Qxe7) 17. Bxe7 {[#] Und weiter mit Lxd5 wäre nett.} (17. Bxe5 Ng6) 17... Rxe7 18. Bxd5 Qxd5 19. g4 Rd8 20. Ke2 Qb5 21. b3 Kb8 22. Rhd1 a5 23. Rd2 Qc6 24. Qf6 Qxf6 25. Nxf6 Re6 {[#]} 26. Ne4 $1 ({Bloß nicht} 26. Nxh7 $6 Rg6 $11) 26... Rh6 27. Rh1 Rg8 28. Rdd1 Rc6 (28... c6 $16 29. Rdf1 Bc7) 29. Rhg1 $18 h6 30. Rg3 Rgg6 31. Rf3 f6 32. Rf5 Kc8 33. Rf1 Re6 34. f4 c6 (34... exf4 {ist eine bessere Verteidigung.} 35. R1xf4 c6 36. Rxf6 Rgxf6 37. Rxf6 Rxf6) 35. fxe5 fxe5 36. Rf8+ Bd8 (36... Kd7 $142 37. Rb8 Kc7) 37. R1f7 b6 38. Ra7 Kb8 39. Rd7 {Precision: Weiß = 75%, Schwarz = 31%.} 1-0

[Event "100 years Romania 2018"]
[Site "Alba Iulia"]
[Date "2018.11.14"]
[Round "4"]
[White "Harutjunyan, Gevorg"]
[Black "Manolache, Marius"]
[Result "1/2-1/2"]
[WhiteElo "2470"]
[BlackElo "2518"]
[Annotator "TA"]
[PlyCount "92"]
[EventDate "2018.11.12"]
[EventType "swiss"]
[EventCountry "ROU"]
[SourceTitle "playchess.com"]
[Source "ChessBase"]
[SourceQuality "1"]

{[%evp 21,92,37,85,38,86,52,79,68,98,53,44,54,40,49,79,82,104,96,100,99,110,54,52,62,60,76,69,60,74,75,75,82,75,62,79,12,4,0,0,0,12,9,4,0,0,-42,0,0,0,0,0,0,0,-167,-9,-38,0,0,0,0,0,0,0,0,0,0,0,0,0,0,0,0,0]} 1. e4 d6 2. d4 Nf6 3. Nc3 g6 4. f4 Bg7 5. Nf3 O-O 6. e5 dxe5 7. fxe5 Nd5 8. Bc4 Nb6 9. Bb3 {B09: Pirc Defence: Austrian Attack} Nc6 10. a4 (10. O-O Na5 11. h3 Nxb3 12. axb3 f6 13. Qe2 c6 14. Ne4 fxe5 15. dxe5 Nd5 16. c4 Nf4 17. Bxf4 Rxf4 {½-½ (37) Artemiev,V (2674)-Petrosian,T (2607) Moscow 2016}) 10... Na5 11. Ba2 Bg4 {LiveBook: 3 Games} 12. O-O Nc6 13. Be3 Nb4 {[#]} 14. Bb3 $1 N4d5 15. Bd2 Nxc3 16. bxc3 $146 ({Predecessor:} 16. Bxc3 Nd5 {1-0 (36) Arsenovic,M (2145)-Jokic,M (2090) Belgrade 2017}) 16... c5 17. a5 c4 18. Ba2 Na4 19. Qb1 {Strongly threatening Qb4.} Qd5 20. Qb4 b5 {[#]} 21. Bxc4 $1 {[%mdl 512]} bxc4 $14 22. Rxa4 Bxf3 23. Rxf3 Bxe5 24. Qxc4 Qxc4 25. Rxc4 Bd6 26. Kf1 Rab8 27. Ke2 Rb2 28. Rc6 (28. Kd3 $16) 28... Rxc2 $11 29. Kd3 Ra2 30. Ra6 Ra8 31. h3 Bc7 32. c4 e5 {Hoping for ...e4+!} 33. Rc6 Bxa5 34. Bxa5 Rxa5 $15 {[%mdl 4096] Endgame KRR-KRR} 35. d5 f5 36. Kc2 Ra2+ 37. Kb1 $2 (37. Kc3 $11) 37... Rd2 $2 (37... Rxg2 $19 {aiming for ...Rb8+.} 38. Rb3 Rh2) 38. Rb3 (38. Kc1 $5 {[%cal Rc1d2]} Rxg2 39. Rc7 $17) 38... e4 39. Rc7 {The position is equal.} f4 40. Rbb7 e3 41. Rg7+ Kh8 42. Rxh7+ Kg8 43. Rbg7+ Kf8 44. Rf7+ Kg8 45. Rfg7+ Kf8 46. Rf7+ Kg8 {Precision: White = 62%, Black = 57%.} 1/2-1/2

[Event "100 years Romania 2018"]
[Site "Alba Iulia"]
[Date "2018.11.14"]
[Round "4"]
[White "Shishkin, Vadim"]
[Black "Secheres, Adrian-Simion"]
[Result "1-0"]
[WhiteElo "2456"]
[BlackElo "2388"]
[Annotator "TA"]
[PlyCount "57"]
[EventDate "2018.11.12"]
[EventType "swiss"]
[EventCountry "ROU"]
[SourceTitle "playchess.com"]
[Source "ChessBase"]
[SourceQuality "1"]

{[%evp 16,56,62,40,27,53,37,46,46,47,41,28,42,34,51,32,33,25,82,83,91,78,100,89,495,589,564,588,551,585,566,557,963,928,29990,29991,29991,29992,29996,29997,29998,29999,29999]} 1. d4 d5 2. c4 e6 3. Nc3 a6 4. cxd5 exd5 5. Qb3 c6 6. e4 {D31: Queen's Gambit Declined: Semi-Slav without ...Nf6 (+ Marshall Gambit and Noteboom) and Exchange Variation lines without ...Nf6} dxe4 7. Bc4 Qe7 8. a4 Nf6 9. Bg5 {LiveBook: 3 Games} (9. Nge2 {is interesting.} g6 10. O-O Bg7 11. Re1 O-O 12. Ng3) 9... h6 10. Bxf6 gxf6 11. Nge2 f5 12. O-O $146 ({Predecessor:} 12. a5 Bg7 {½-½ (58) Dubov,D (2691)-Fedoseev,V (2707) Satka 2018}) 12... Bg7 13. f3 exf3 14. Rxf3 O-O $1 15. Ng3 f4 16. Nge2 b5 (16... Nd7 $11 {remains equal.}) 17. axb5 $16 cxb5 18. Bd5 $36 {[%mdl 2048] White has strong initiative.} Ra7 19. Nxf4 {[#] aiming for Ng6.} Qd6 $2 {[%mdl 8192]} (19... Bf5 $16) 20. Ne4 $18 Qb6 21. Nh5 Qxd4+ 22. Kh1 Kh8 23. Nxg7 Kxg7 24. Rf6 {[%cal Bf3f6,Bf6h6,Bh6h8][%mdl 32]} Re7 25. Qg3+ {White mates.} Kh7 26. Qf4 Qxd5 27. Rxh6+ Kg7 28. Qf6+ Kg8 29. Rh8# {Precision: White = 78%, Black = 55%.} 1-0

[Event "100 years Romania 2018"]
[Site "Alba Iulia"]
[Date "2018.11.14"]
[Round "4"]
[White "Samolins, Vitalijs"]
[Black "Tilicheev, Viacheslav"]
[Result "0-1"]
[WhiteElo "2436"]
[BlackElo "2509"]
[Annotator "TA"]
[PlyCount "62"]
[EventDate "2018.11.12"]
[EventType "swiss"]
[EventCountry "ROU"]
[SourceTitle "playchess.com"]
[Source "ChessBase"]
[SourceQuality "1"]

{[%evp 22,62,12,24,3,0,14,-7,17,-38,-19,-51,-46,-48,-14,-143,-130,-127,-113,-287,-276,-333,-340,-330,-340,-333,-331,-379,-365,-494,-492,-552,-555,-809,-782,-829,-827,-1899,-1943,-1858,-1791,-1887,-1784]} 1. e4 c5 2. Nf3 Nc6 3. Bb5 g6 4. Bxc6 dxc6 5. d3 Bg7 6. Nc3 Nf6 7. h3 Nd7 {B31: Sicilian: 2...Nc6 3 Bb5 g6} (7... O-O 8. O-O Ne8 9. Be3 b6 10. e5 f6 11. Re1 Nc7 12. Qd2 fxe5 13. Bh6 Rxf3 14. Bxg7 Kxg7 15. gxf3 Bxh3 16. Rxe5 e6 17. Rg5 {1-0 (33) Caruana,F (2827)-Gelfand,B (2703) Batumi 2018}) 8. Be3 b6 9. Qd2 h6 10. O-O e5 11. Nh2 Nf8 12. f4 {LiveBook: 15 Games} exf4 13. Rxf4 Be6 14. Raf1 Qc7 15. Ng4 (15. R4f2 $11) 15... O-O-O $146 16. R4f3 {[%cal Rg4h6]} g5 $1 17. Bf2 Bxg4 18. Bg3 (18. hxg4 $11 Be5 19. Ne2) 18... Bd4+ $17 19. Kh1 Qb7 ({Wrong is} 19... Qd7 $2 20. Rxf7 (20. hxg4 $2 h5 $19) 20... Bh5 21. Rxd7 $18) 20. hxg4 $2 (20. Rxf7 $17 Bd7 21. Ne2) 20... h5 $19 21. gxh5 Rxh5+ 22. Bh2 {[#]} g4 $1 {[%cal Rg4f3]} 23. Rf5 Rh7 24. g3 f6 25. Qe2 Qg7 {Black is clearly winning.} 26. Nd1 Ne6 {[%cal Bf8e6,Be6f4,Bf4h3,Bh3g5][%mdl 32]} 27. c3 Rdh8 28. R5f2 {[#]} Nf4 $1 {[%mdl 512]} 29. Qd2 (29. Rxf4 Rxh2+) 29... Bxf2 30. Rxf2 Nh3 31. Re2 Ng5 {Precision: White = 25%, Black = 78%.} 0-1

[Event "100 years Romania 2018"]
[Site "Alba Iulia"]
[Date "2018.11.14"]
[Round "4"]
[White "Filip, Lucian-Ioan"]
[Black "Cordea, David"]
[Result "1-0"]
[WhiteElo "2432"]
[BlackElo "2022"]
[Annotator "TA"]
[PlyCount "79"]
[EventDate "2018.11.12"]
[EventType "swiss"]
[EventCountry "ROU"]
[SourceTitle "playchess.com"]
[Source "ChessBase"]
[SourceQuality "1"]

{[%evp 12,79,45,26,83,85,79,81,87,72,77,60,99,33,35,25,47,49,53,48,44,56,57,43,79,64,86,79,87,43,44,44,44,44,52,52,56,46,46,46,48,46,52,15,15,15,15,15,15,15,15,15,26,26,31,31,39,29,128,125,112,119,115,127,187,116,126,118,12837,12838]} 1. Nf3 Nf6 2. c4 e6 3. g3 d5 4. d4 dxc4 5. Bg2 Bb4+ 6. Bd2 Bxd2+ {E04: Open Catalan: 5 Nf3} (6... a5 7. Qc2 c5 8. a3 Bxd2+ 9. Nbxd2 cxd4 10. Nxc4 O-O 11. Rd1 Nc6 12. O-O Rb8 13. Rd2 Re8 14. Nfe5 Bd7 {½-½ (30) Vidit,S (2711)-Melkumyan,H (2660) Douglas 2018}) 7. Nbxd2 {LiveBook: 5 Games} O-O (7... b5 $11) 8. Nxc4 $16 a5 $146 {White is better.} ({Predecessor:} 8... Bd7 9. Nfe5 Bc6 10. Nxc6 Nxc6 11. e3 Rb8 12. O-O Qd7 13. Rc1 Rfd8 14. Qe2 Nd5 15. Rfd1 {½-½ (39) Lipka,J (2421)-Juhasz,A (2388) Austria 2017}) 9. O-O b6 10. Rc1 Bb7 11. Nce5 Nfd7 12. Nxd7 ({Better is} 12. Qc2 $16) 12... Nxd7 $14 13. Qc2 c6 14. Rfd1 Qc7 15. a3 {[%cal Ba2a3,Ba3b4][%mdl 32]} Rac8 16. b4 axb4 17. axb4 Qd6 18. Qb1 h6 19. Nd2 Ba6 20. e3 Nf6 21. Nc4 Bxc4 $1 22. Rxc4 b5 23. Rc5 Nd7 {[%cal Bf6d7,Bd7b6,Bb6c4,Bc4d2,Bd2f1][%mdl 32]} 24. Rc3 Rc7 25. Rdc1 {[%cal Rc3c6]} Rfc8 26. h3 Nb6 27. Kh2 Nc4 28. Bf1 Nd2 29. Qb2 Nxf1+ 30. Rxf1 e5 31. Rd1 exd4 32. Rxd4 Qe7 33. Rc5 Rd8 34. Qc2 Rxd4 (34... Rd6 $11 {remains equal.}) 35. exd4 $11 {KQR-KQR} Rd7 36. Re5 $40 {[%mdl 128] White attacks with force.} Qf8 37. Qxc6 Rd8 (37... Qd6 $16 {might work better.} 38. Qe4 (38. Qxb5 Qxd4 39. Re8+ Kh7 $16) 38... g6 39. Rxb5 Qxd4 40. Qxd4 Rxd4) 38. Qc5 (38. Qxb5 $18 Rb8 39. Qd7) 38... Qxc5 $16 39. dxc5 {[%cal Bd4c5,Bc5c6][%mdl 32] Hoping for Re7.} Rd4 $2 {[%mdl 8192] [#]} (39... Kf8 $16 40. Re4 f6) 40. c6 {Precision: White = 66%, Black = 58%.} 1-0

[Event "100 years Romania 2018"]
[Site "Alba Iulia"]
[Date "2018.11.14"]
[Round "4"]
[White "Soltanici, Ruslan"]
[Black "Istratescu, Andrei"]
[Result "1/2-1/2"]
[WhiteElo "2387"]
[BlackElo "2565"]
[Annotator "TA"]
[PlyCount "31"]
[EventDate "2018.11.12"]
[EventType "swiss"]
[EventCountry "ROU"]
[SourceTitle "playchess.com"]
[Source "ChessBase"]
[SourceQuality "1"]

{[%evp 18,31,26,23,48,55,68,68,47,35,31,25,46,26,25,0]} 1. e4 e6 2. d4 d5 3. Nd2 c5 4. Ngf3 cxd4 5. Nxd4 Nc6 6. Bb5 Bd7 7. Nxc6 bxc6 8. Bd3 Bd6 {C07: French Tarrasch: 3...c5, 4 Ngf3 and 4 exd5 Qxd5} 9. O-O (9. Qe2 Ne7 10. Nf3 h6 11. c4 O-O 12. O-O a5 13. Re1 a4 14. Bd2 Rb8 15. Bc3 Bb4 16. Ne5 Bxc3 17. bxc3 {½-½ (52) Navara,D (2740)-Kovalenko,I (2639) Katowice 2017}) 9... Ne7 10. c4 {LiveBook: 4 Games} Qc7 11. Qh5 $146 ({Predecessor:} 11. Nf3 d4 12. Nxd4 Bxh2+ 13. Kh1 Bf4 14. Bxf4 Qxf4 15. Qf3 Qxf3 16. Nxf3 {½-½ (31) Villanueva,M (2429)-Valerga,D (2477) Villa Martelli 2016}) 11... Ng6 12. Nf3 {[%cal Re4d5]} ({Much worse is} 12. cxd5 $6 Nf4 $15) 12... dxc4 13. Bxc4 O-O 14. Bd2 Ne5 15. Nxe5 Bxe5 16. Bc3 1/2-1/2